Statistics for New 1M Cities in 2020 Map Quiz

Click here to take the quiz!

General Stats

  • This quiz has been taken 176 times
  • The average score is 480 of 579

Answers on the Map

Answers color-coded by a green-red scale on the quiz's map according to % correct below.
 

Answer Stats

Pop (K)City% Correct
5,203Abidjan
100%
3,278Abuja
100%
2,514Accra
100%
1,771Adana
100%
4,794Addis Ababa
100%
1,336Adelaide
100%
2,210Agra
100%
8,059Ahmedabad
100%
1,244Ahvaz
100%
1,917Aleppo
100%
5,281Alexandria
100%
2,768Algiers
100%
1,896Almaty
100%
2,148Amman
100%
1,377Amritsar
100%
1,149Amsterdam
100%
5,118Ankara
100%
1,629Anshan
100%
3,369Antananarivo
100%
1,431Asansol
100%
3,337Asuncion
100%
3,153Athens
100%
5,803Atlanta
100%
1,607Auckland
100%
1,558Aurangabad
100%
2,053Austin
100%
7,144Baghdad
100%
2,341Baku
100%
2,325Baltimore
100%
2,618Bamako
100%
2,580Bandung
100%
12,327Bangalore
100%
10,539Bangkok
100%
1,976Baoding
100%
2,190Baotou
100%
5,586Barcelona
100%
1,214Barquisimeto
100%
2,273Barranquilla
100%
1,352Basra
100%
20,463Beijing
100%
2,424Beirut
100%
3,394Bekasi (Jakarta)
100%
2,334Belem
100%
1,398Belgrade
100%
6,084Belo Horizonte
100%
1,727Benin City
100%
3,562Berlin
100%
2,390Bhopal
100%
1,013Bien Hoa (Ho Chi Minh City)
100%
2,607Birmingham
100%
1,160Bogor (Jakarta)
100%
10,978Bogota
100%
4,309Boston
100%
4,646Brasilia
100%
2,388Brazzaville
100%
2,406Brisbane
100%
2,081Brussels
100%
1,331Bucaramanga
100%
1,803Bucharest
100%
1,768Budapest
100%
15,154Buenos Aires
100%
1,986Bursa
100%
3,465Busan
100%
20,901Cairo
100%
1,547Calgary
100%
2,782Cali
100%
3,301Campinas
100%
4,618Cape Town
100%
2,939Caracas
100%
3,752Casablanca
100%
4,426Changchun
100%
4,578Changsha
100%
1,056Changwon
100%
3,625Changzhou
100%
1,428Chaozhou
100%
2,054Charlotte
100%
1,228Chelyabinsk
100%
9,136Chengdu
100%
10,971Chennai
100%
8,865Chicago
100%
5,020Chittagong
100%
1,399Chon Buri / Pattaya
100%
15,872Chongqing
100%
1,746Cincinnati
100%
1,519Ciudad Juarez
100%
1,609Cixi
100%
1,763Cleveland
100%
2,787Coimbatore
100%
1,119Cologne
100%
1,644Columbus
100%
1,938Conakry
100%
1,346Copenhagen
100%
1,572Cordoba
100%
3,679Curitiba
100%
2,199Daegu
100%
1,566Daejeon
100%
3,140Dakar
100%
5,618Dalian
100%
6,301Dallas / Fort Worth
100%
2,392Damascus
100%
1,859Daqing
100%
6,702Dar es Salaam
100%
1,745Datong
100%
1,825Davao
100%
30,291Delhi
100%
2,827Denver
100%
2,727Depok (Jakarta)
100%
3,548Detroit
100%
21,006Dhaka
100%
1,331Dhanbad
100%
7,408Dongguan
100%
3,663Douala
100%
2,878Dubai
100%
1,228Dublin
100%
3,158Durban
100%
1,208Durg / Bhilai
100%
3,894East Rand (Johannesburg)
100%
1,461Edmonton
100%
3,462Faisalabad
100%
1,224Fes
100%
1,239Florianópolis
100%
4,073Fortaleza
100%
7,327Foshan
100%
5,529Fukuoka / Kitakyushu
100%
1,285Fushun
100%
3,686Fuzhou
100%
1,704Gaziantep
100%
1,673Glasgow
100%
2,690Goiânia
100%
1,069Goyang (Seoul)
100%
5,179Guadalajara
100%
13,302Guangzhou
100%
2,935Guatemala City
100%
2,994Guayaquil
100%
3,317Guiyang
100%
2,229Gujranwala
100%
1,378Gwalior
100%
1,522Gwangju
100%
1,147Haifa
100%
1,889Haikou
100%
1,790Hamburg
100%
2,727Handan
100%
7,642Hangzhou
100%
4,678Hanoi
100%
1,530Harare
100%
6,387Harbin
100%
2,140Havana
100%
4,242Hefei
100%
1,305Helsinki
100%
1,527Hengyang
100%
2,083Hiroshima
100%
8,602Ho Chi Minh City
100%
2,163Hohhot
100%
1,336Homs
100%
7,548Hong Kong
100%
6,371Houston
100%
2,655Huai'an
100%
1,438Huainan
100%
2,525Huizhou
100%
1,850 | 10,004Hyderabad
100%
3,552Ibadan
100%
2,801Incheon
100%
1,807Indianapolis
100%
3,017Indore
100%
2,132Isfahan
100%
15,190Istanbul
100%
2,993Izmir
100%
1,450Jabalpur
100%
1,280Jacksonville
100%
3,909Jaipur
100%
10,770Jakarta
100%
1,599Jamshedpur
100%
4,610Jeddah
100%
1,687Jiangmen
100%
1,603Jilin
100%
5,360Jinan
100%
1,494Jining
100%
1,378João Pessoa
100%
1,472Jodhpur
100%
5,783Johannesburg
100%
1,303Joinville
100%
4,222Kabul
100%
3,298Kampala
100%
2,167Kannur
100%
3,999Kano
100%
3,124Kanpur
100%
1,686Kansas City
100%
1,538Kaohsiung
100%
16,094Karachi
100%
1,580Karaj (Tehran)
100%
1,272Kazan
100%
1,429Kharkiv
100%
5,829Khartoum
100%
14,342Kinshasa
100%
3,082Kochi
100%
14,850Kolkata
100%
1,852Kollam
100%
1,328Konya
100%
3,555Kozhikode
100%
7,997Kuala Lumpur
100%
3,348Kumasi
100%
4,443Kunming
100%
3,115Kuwait City
100%
2,988Kyiv
100%
14,368Lagos
100%
12,642Lahore
100%
3,081Lanzhou
100%
1,858La Paz
100%
2,699Las Vegas
100%
1,889Leeds
100%
1,825León
100%
1,820Lianyungang
100%
1,063Lille
100%
10,719Lima
100%
1,937Linyi
100%
2,957Lisbon
100%
2,165Liuzhou
100%
1,828Lome
100%
9,304London
100%
12,447Los Angeles
100%
8,330Luanda
100%
2,478Lubumbashi
100%
3,677Lucknow
100%
1,857Ludhiana
100%
2,387Luoyang
100%
2,774Lusaka
100%
1,719Lyon
100%
1,323Maceió
100%
6,618Madrid
100%
1,734Madurai
100%
1,584Makassar
100%
3,391Malappuram
100%
2,261Manaus
100%
2,730Manchester
100%
1,438Mandalay
100%
13,923Manila
100%
1,110Maputo
100%
2,258Maracaibo
100%
1,203Maracay
100%
1,608Marseille
100%
3,208Mashhad
100%
1,706Matola (Maputo)
100%
2,525Mbuji-Mayi
100%
2,042Mecca
100%
2,338Medan
100%
4,000Medellin
100%
1,489Medina
100%
1,696Meerut
100%
4,968Melbourne
100%
1,150Memphis
100%
21,782Mexico City
100%
6,122Miami
100%
1,276Mianyang
100%
3,140Milan
100%
1,439Milwaukee
100%
2,926Minneapolis / St. Paul
100%
2,028Minsk
100%
2,282Mogadishu
100%
1,517Monrovia
100%
4,874Monterrey
100%
1,752Montevideo
100%
4,221Montreal
100%
12,538Moscow
100%
1,630Mosul
100%
2,015Multan
100%
20,411Mumbai
100%
1,538Munich
100%
9,552Nagoya
100%
2,893Nagpur
100%
4,735Nairobi
100%
3,598Nanchang
100%
8,847Nanjing
100%
3,860Nanning
100%
2,276Nantong
100%
2,187Naples
100%
2,066Nashik
100%
1,457Natal
100%
4,398New Taipei
100%
18,804New York
100%
4,116Ningbo
100%
1,258Nizhny Novgorod
100%
1,664Novosibirsk
100%
1,009Odesa
100%
1,182Omsk
100%
1,964Orlando
100%
19,165Osaka / Kobe / Kyoto
100%
1,393Ottawa
100%
2,780Ouagadougou
100%
1,723Palembang
100%
1,860Panama City
100%
11,017Paris
100%
2,436Patna
100%
2,042Perth
100%
2,203Peshawar
100%
5,717Philadelphia
100%
2,078Phnom Penh
100%
4,511Phoenix
100%
1,704Pittsburgh
100%
2,774Port-au-Prince
100%
1,254Port Elizabeth
100%
3,020Port Harcourt
100%
2,151Portland
100%
1,313Porto
100%
4,137Porto Alegre
100%
1,306Prague
100%
1,394Prayagraj
100%
2,566Pretoria
100%
1,200Providence
100%
3,195Puebla
100%
6,629Pune
100%
1,907Putian
100%
3,084Pyongyang
100%
5,620Qingdao
100%
1,535Qinhuangdao
100%
1,560Qiqihar
100%
1,288Qom
100%
1,694Quanzhou
100%
1,339Querétaro
100%
1,874Quito
100%
1,885Rabat
100%
1,642Raipur
100%
1,878Rajkot
100%
1,439Ranchi
100%
2,237Rawalpindi
100%
4,127Recife
100%
13,458Rio de Janeiro
100%
2,469Riverside / San Bernardino
100%
7,231Riyadh
100%
4,257Rome
100%
1,532Rosario
100%
1,136Rostov-on-Don
100%
1,010Rotterdam
100%
1,169Rui'an (Wenzhou)
100%
2,123Sacramento
100%
1,169Salt Lake City
100%
3,839Salvador
100%
1,163Samara
100%
1,307Samut Prakan (Bangkok)
100%
2,973Sana'a
100%
2,320San Antonio
100%
3,251San Diego
100%
3,314San Francisco
100%
1,400 | 1,791San Jose
100%
2,448San Juan
100%
1,217San Luis Potosí
100%
1,106San Salvador
100%
1,713Santa Cruz
100%
6,767Santiago
100%
3,318Santo Domingo
100%
1,892Santos
100%
1,486São Luís
100%
22,043São Paulo
100%
2,670Sapporo
100%
3,433Seattle
100%
1,866Semarang
100%
2,327Sendai
100%
9,963Seoul
100%
27,058Shanghai
100%
4,327Shantou
100%
2,540Shaoxing
100%
1,685Sharjah (Dubai)
100%
7,220Shenyang
100%
12,357Shenzhen
100%
4,114Shijiazhuang
100%
1,651Shiraz
100%
2,922Shizuoka / Hamamatsu
100%
5,935Singapore
100%
1,281Sofia
100%
1,586Srinagar
100%
2,213St. Louis
100%
1,633Stockholm
100%
5,468St. Petersburg
100%
2,944Surabaya
100%
7,185Surat
100%
1,311Suwon (Seoul)
100%
7,070Sūzhōu
100%
4,926Sydney
100%
1,611Tabriz
100%
1,339Tai'an
100%
1,321Taichung
100%
2,721Taipei
100%
3,891Taiyuan
100%
1,348Tàizhōu
100%
1,935Táizhōu
100%
2,877Tampa / St. Petersburg
100%
2,339Tangerang (Jakarta)
100%
3,426Tangshan
100%
2,245Taoyuan
100%
2,517Tashkent
100%
1,078Tbilisi
100%
1,444Tegucigalpa
100%
9,135Tehran
100%
4,181Tel Aviv
100%
2,585Thiruvananthapuram
100%
3,068Thrissur
100%
13,589Tianjin
100%
2,140Tijuana
100%
1,165Tiruchirappalli
100%
37,393Tokyo / Yokohama
100%
2,467Toluca
100%
6,197Toronto
100%
1,615Torreón
100%
1,165Tripoli
100%
2,365Tunis
100%
1,792Turin
100%
1,136Ufa
100%
1,584Ulaanbaatar
100%
4,369Urumqi
100%
2,190Vadodara
100%
1,910Valencia
100%
2,581Vancouver
100%
1,665Varanasi
100%
1,930Vienna
100%
2,040Vijayawada
100%
1,477Virginia Beach / Norfolk
100%
2,175Visakhapatnam
100%
2,076Vitoria
100%
1,005Volgograd
100%
1,783Warsaw
100%
5,322Washington
100%
2,654Weifang
100%
1,037Wenling (Tàizhōu)
100%
3,624Wenzhou
100%
8,365Wuhan
100%
1,870Wuhu
100%
3,256Wuxi
100%
3,720Xiamen
100%
8,001Xi'an
100%
1,658Xiangyang
100%
1,539Xining
100%
2,146Xuzhou
100%
1,864Yancheng
100%
5,332Yangon
100%
1,993Yangzhou
100%
2,527Yantai
100%
3,992Yaounde
100%
1,504Yekaterinburg
100%
1,086Yerevan
100%
1,548Yichang
100%
1,579Yinchuan
100%
1,083Yongin (Seoul)
100%
1,061Yueqing (Wenzhou)
100%
1,435Zhangjiakou
100%
1,287Zhanjiang
100%
5,323Zhengzhou
100%
2,914Zhongshan
100%
1,759Zhuhai
100%
2,640Zibo
100%
1,395Zurich
100%
1,041Oslo
71%
1,024Toulouse
60%
1,483Abu Dhabi
59%
1,042Antwerp
56%
1,550Muscat
56%
1,444Raleigh
56%
1,166Nur-Sultan
55%
1,292Niamey
54%
1,296Mombasa
53%
1,249Nashville
53%
1,202Freetown
52%
1,132Kigali
52%
1,003Marrakesh
52%
1,423N'Djamena
52%
1,315Nouakchott
52%
1,105Richmond
51%
1,122Lilongwe
50%
1,198Tangier
49%
1,089Louisville
48%
1,424Kathmandu
47%
1,064Managua
47%
1,254Antalya
45%
1,013Bujumbura
44%
1,161Merida
44%
1,038Bishkek
42%
1,121Mexicali
40%
1,253Dammam
39%
1,125Da Nang
39%
1,055Chihuahua
38%
1,071Perm
38%
1,012McAllen
37%
1,068Voronezh
37%
1,063Cartagena
35%
1,173Mendoza
35%
1,056Abomey-Calavi (Cotonou)
34%
1,167Chiang Mai
33%
1,304Cochabamba
33%
1,137Krasnoyarsk
33%
1,129Islamabad
29%
1,024Johor Bahru
29%
1,214Pointe-Noire
29%
1,100Quetta
29%
1,013Kirkuk
25%
1,261Kisangani
25%
1,058Shymkent
25%
1,081Aba
24%
1,300Hai Phong
24%
1,106Aguascalientes
22%
1,039Diyarbakir
21%
1,016Mersin
21%
1,120Mwanza
21%
1,415Onitsha
21%
1,021Teresina
21%
1,113Kaduna
20%
1,546Batam
19%
1,618Can Tho
19%
1,458Kananga
18%
1,205Pekanbaru
18%
1,092Bandar Lampung
17%
1,163Bhubaneswar
17%
1,075Cuernavaca
17%
1,148Chandigarh
16%
1,117Guwahati
16%
1,210Mysuru
15%
1,255Bareilly
14%
1,009Aracaju
13%
1,026Kermanshah
13%
1,387Kota
13%
1,102Salem
13%
1,010Samarinda
13%
1,001Tampico
13%
1,496Tiruppur
13%
1,078Bukavu
12%
1,020Siliguri
12%
1,170Sùzhōu
12%
1,136Uyo
12%
1,117Hubli / Dharwad
11%
1,211Aligarh
10%
1,460Anyang
10%
1,285Ganzhou
10%
1,205Maoming
10%
1,197Moradabad
10%
1,271Rizhao
10%
1,031Solapur
10%
1,081Xinxiang
10%
1,187Zhuzhou
10%
1,157Benxi
9%
1,134Guilin
9%
1,054Jalandhar
9%
1,274Kaifeng
9%
1,196Lu'an
9%
1,258Nanchong
9%
1,304Weihai
9%
1,142Huaibei
8%
1,143Nanyang
8%
1,054Saharanpur
8%
1,056Tasikmalaya
8%
1,024Zhaoqing
8%
1,174Zhenjiang
8%
1,165Chifeng
7%
1,038Jingzhou
7%
1,145Jinzhou
7%
1,143Xiangtan
7%
1,334Yiwu
7%
1,165Baoji
6%
1,084Binzhou
6%
1,276Dongying
6%
1,036Fuyang
6%
1,260Jiaxing
6%
1,147Jieyang
6%
1,122Jinhua
6%
1,169Liuyang
6%
1,019Ma'anshan
6%
1,053Panjin
6%
1,160Pingdingshan
6%
1,029Shangrao
6%
1,241Shiyan
6%
1,440Suqian
6%
1,190Tengzhou
6%
1,214Yingkou
6%
1,010Yueyang
6%
1,088Zaozhuang
6%
1,281Zunyi
6%
1,040Luohe
5%
1,063Pizhou
5%
1,160Puning
5%
1,077Liupanshui
4%
1,051Nnewi
4%

Score Distribution

Percentile by Number Answered

Percent of People with Each Score

Your Score History

You have not taken this quiz